000
00335 a2200157 4500
001
62306
020
_a
8574162213
040
_c
Anchieta - Pituba
100
_a
Munduruku, Daniel
240
1
0
_a
Crônicas de São Paulo
_l
por
245
1
0
_a
Crônicas de São Paulo
300
_a
63
362
0
_a
2006
650
4
_a
Brasil
942
_c
BK
999
_c
62306
_d
62306